|
|
|
|
| LEADER |
00840nab a2200229 i 4500 |
| 001 |
misc62563 |
| 005 |
20220916135357.0 |
| 008 |
220323s1905 hu o 0|| hun d |
| 040 |
|
|
|a SZTE Miscellanea Repozitórium
|b hun
|
| 041 |
|
|
|a hun
|
| 041 |
|
|
|a tut
|
| 100 |
1 |
|
|a Gombocz Zoltán
|
| 245 |
1 |
3 |
|a Az altaji nyelvek hangtörténetéhez
|h [elektronikus dokumentum] /
|c Gombocz Zoltán
|
| 260 |
|
|
|c 1905
|
| 300 |
|
|
|a p. 241-282.
|c 23 cm
|
| 490 |
0 |
|
|a Nyelvtudományi közlemények : a Magyar Tudományos Akadémia Nyelvtudományi Intézetének folyóirata
|
| 561 |
|
|
|a Németh Gyula hagyaték
|
| 591 |
|
|
|a NOA 1958; J/75 2991
|
| 650 |
|
4 |
|a Bölcsészettudományok
|
| 650 |
|
4 |
|a Nyelvek és irodalom
|
| 695 |
|
|
|a Altaji nyelvtörténet - hangtan
|
| 856 |
4 |
0 |
|u http://misc.bibl.u-szeged.hu/62563/1/1958_noa_g51.pdf
|z Dokumentum-elérés
|